| 000 | 00360nam a2200121Ia 4500 | ||
|---|---|---|---|
| 008 | 150202s9999 xx 000 0 und d | ||
| 050 |
_aFIC _bFIC |
||
| 100 | _aCollins, Larrie. | ||
| 245 | 4 |
_aThe extraordinary rise of el cordobes / _cLarrie Collins. |
|
| 260 |
_aGreat Britain : _bGranada Pub., _c1968. |
||
| 300 |
_a346 pages : _c18 cm. |
||
| 650 | _aFiction. | ||
| 999 |
_c281933 _d281933 |
||